[Event "K41 Efteraars EMT Mesterklassen 2008"]
[Site "Valby"]
[Date "2008.09.09"]
[Round "1"]
[White "Eriksson, Christian Altenburg"]
[Black "Nielsen, Michael"]
[Result "1-0"]
[WhiteElo "1989"]
[BlackElo "2082"]
[PlyCount "109"]
[EventDate "2008.??.??"]

1. e4 e6 2. d4 d5 3. e5 c5 4. c3 Nc6 5. Nf3 Qc7 6. Be2 Nge7 7. Na3 Ng6 8. Nc2
f6 9. exf6 gxf6 10. Be3 c4 11. h4 Bd7 12. g3 Bd6 13. Qd2 O-O-O 14. b3 Na5 15.
b4 Nc6 16. a4 f5 17. Bg5 Rde8 18. h5 Nge7 19. Na3 a6 20. Bf4 e5 21. dxe5 Nxe5
22. Bxe5 Bxe5 23. b5 a5 24. b6 Qd6 25. Nb5 Qf6 26. Nxe5 Qxe5 27. Qd4 Qxd4 28.
Nd6+ Kb8 29. cxd4 Ref8 30. Bf3 Rf6 31. Nb5 Rxb6 32. Nc3 Rb3 33. Rc1 Bxa4 34.
Bd1 Bc6 35. Bxb3 cxb3 36. Ra1 f4 37. g4 Nc8 38. Rxa5 Rg8 39. Rg1 Nd6 40. Ra3 b2
41. Rb3 Re8+ 42. Kd1 Ne4 43. Kc2 Nxf2 44. Rxb2 Rg8 45. Rf1 Nxg4 46. Rxf4 Ne3+
47. Kb3 Rg3 48. Kb4 Rh3 49. Re2 Bd7 50. Rf7 Bg4 51. Ra2 Rxh5 52. Nb5 Bc8 53.
Rf8 Rf5 54. Ra8+ Kxa8 55. Rxc8# 1-0

[Event "K41 Efteraars EMT Mesterklassen 2008"]
[Site "Valby"]
[Date "2008.09.09"]
[Round "1"]
[White "Jorgensen, Rasmus"]
[Black "Skov, Palle"]
[Result "1-0"]
[WhiteElo "2060"]
[BlackElo "1819"]
[PlyCount "107"]
[EventDate "2008.??.??"]

1. e4 c5 2. b3 d6 3. Bb2 Nf6 4. Bb5+ Nbd7 5. d3 g6 6. Nd2 Bg7 7. Ne2 O-O 8.
Bxd7 Bxd7 9. O-O b5 10. c3 Bc6 11. f3 Qb6 12. Kh1 a5 13. d4 e6 14. Qe1 a4 15.
Ba3 Nd7 16. e5 dxe5 17. dxc5 Qb7 18. Ne4 Bxe4 19. fxe4 Rfc8 20. Qf2 Nf6 21. b4
Qxe4 22. Bc1 Rc7 23. Bg5 Nd5 24. Qf3 Qxf3 25. gxf3 e4 26. fxe4 Nxc3 27. Nxc3
Bxc3 28. Rab1 a3 29. Rb3 Bb2 30. Rd3 Kg7 31. Bd8 Rcc8 32. Bb6 Be5 33. Rd7 Rab8
34. Rfxf7+ Kh6 35. Rd3 Rxb6 36. cxb6 Rc2 37. Rxa3 Rxh2+ 38. Kg1 Rb2 39. Rh3+
Kg5 40. b7 Rxb4 41. Rhxh7 Rxe4 42. Rc7 Bd4+ 43. Kf1 Ba7 44. Rc5+ Kf6 45. Rxb5
Rg4 46. Rh8 Rg1+ 47. Ke2 Rg2+ 48. Kd3 Rg3+ 49. Kc4 Rg4+ 50. Kb3 Rg3+ 51. Ka4
Rg4+ 52. Ka5 Rg2 53. a4 Ra2 54. Ra8 1-0

[Event "K41 Efteraars EMT Mesterklassen 2008"]
[Site "Valby"]
[Date "2008.09.09"]
[Round "1"]
[White "Laugesen, Egon"]
[Black "Hagen, Andreas Skytte"]
[Result "0-1"]
[WhiteElo "2024"]
[BlackElo "2260"]
[PlyCount "102"]
[EventDate "2008.??.??"]

1. Nf3 Nf6 2. c4 b6 3. g3 c5 4. Bg2 Bb7 5. O-O g6 6. Nc3 Bg7 7. d3 O-O 8. e4 d6
9. Bd2 Nc6 10. Qc1 Re8 11. Bh6 Bh8 12. h3 e6 13. Re1 Nd7 14. Qd2 Nde5 15. Nxe5
dxe5 16. Rad1 a6 17. a3 Qd6 18. Ne2 Rad8 19. Qc2 Qe7 20. Be3 Qc7 21. Rb1 a5 22.
Red1 Rd7 23. b3 Bg7 24. Nc3 Bf8 25. Nb5 Qd8 26. Bf1 Ba6 27. Rdc1 Bxb5 28. cxb5
Na7 29. a4 Bg7 30. f3 h6 31. Qg2 Kh7 32. Be2 f5 33. g4 Bf6 34. Rc2 Bg5 35. Qf2
Nc8 36. Kg2 Nd6 37. Bxg5 Qxg5 38. h4 Qf4 39. Qg3 Nf7 40. Rf1 Red8 41. Rd1 Rd4
42. Rc4 Qe3 43. Qf2 Qf4 44. Qg3 Rxc4 45. bxc4 Kg7 46. Kf2 fxe4 47. Qxf4 exf4
48. dxe4 Kf6 49. Bd3 Ne5 50. Ke2 Rd4 51. Rd2 Ke7 0-1

[Event "K41 Efteraars EMT Mesterklassen 2008"]
[Site "Valby"]
[Date "2008.09.09"]
[Round "1"]
[White "Lofberg, Jan"]
[Black "Roder, Peter Ulrik"]
[Result "0-1"]
[WhiteElo "1822"]
[BlackElo "2060"]
[PlyCount "72"]
[EventDate "2008.??.??"]

1. d4 Nf6 2. c4 g6 3. Nc3 Bg7 4. g3 d6 5. Bg2 O-O 6. Nf3 c6 7. O-O Bg4 8. h3
Be6 9. d5 Bd7 10. Bg5 h6 11. Be3 e5 12. Qd2 cxd5 13. cxd5 Kh7 14. Nh4 Na6 15.
Rac1 Nh5 16. Kh2 f5 17. f4 exf4 18. Bxf4 Nxf4 19. Rxf4 g5 20. Rxf5 gxh4 21. Rh5
hxg3+ 22. Kh1 Qf6 23. Qd3+ Kg8 24. Qxg3 Be8 25. Rf1 Qg6 26. Rxf8+ Bxf8 27.
Qxg6+ Bxg6 28. Rh4 Bg7 29. Nb5 Be5 30. Rg4 Kh7 31. Rc4 Bf5 32. b4 Kg7 33. Kg1
Kf6 34. Kf2 Rc8 35. Rh4 Kg5 36. Nxd6 Bxd6 0-1

[Event "K41 Efteraars EMT Mesterklassen 2008"]
[Site "Valby"]
[Date "2008.09.09"]
[Round "1"]
[White "Nielsen, Lars Aaes"]
[Black "Ottosen, Peder"]
[Result "1-0"]
[WhiteElo "2215"]
[BlackElo "2021"]
[PlyCount "43"]
[EventDate "2008.??.??"]

1. e4 c6 2. c4 d5 3. cxd5 cxd5 4. exd5 Nf6 5. Bb5+ Nbd7 6. Nc3 a6 7. Qa4 g6 8.
d4 Bg7 9. Bf4 O-O 10. Bxd7 Nxd7 11. Nf3 b5 12. Qb4 Nb6 13. d6 exd6 14. O-O Re8
15. Rae1 Re6 16. Ng5 Rxe1 17. Rxe1 Bf5 18. h3 Rc8 19. Nge4 Rc4 20. Qxd6 Rxd4
21. Qxd8+ Rxd8 22. Bc7 1-0

[Event "K41 Efteraars EMT Mesterklassen 2008"]
[Site "Valby"]
[Date "2008.10.14"]
[Round "2"]
[White "Hagen, Andreas Skytte"]
[Black "Jorgensen, Rasmus"]
[Result "1-0"]
[WhiteElo "2260"]
[BlackElo "2060"]
[PlyCount "69"]
[EventDate "2008.??.??"]

1. e4 g6 2. d4 Bg7 3. Nc3 d6 4. f4 a6 5. Nf3 b5 6. Bd3 Nd7 7. e5 e6 8. Ne4 Nb6
9. O-O Bb7 10. Qe2 Bxe4 11. Bxe4 d5 12. Bd3 Ne7 13. c3 c6 14. b3 Nf5 15. Ba3 h5
16. g3 Rc8 17. Bb4 Nd7 18. a4 a5 19. Ba3 b4 20. Bxf5 gxf5 21. cxb4 axb4 22.
Bxb4 Qb6 23. Bd6 Bf8 24. a5 Qa7 25. a6 Bxd6 26. exd6 Nf6 27. Qe5 Rh6 28. Rfc1
Kd7 29. Qe3 Ne4 30. b4 f6 31. b5 Rhh8 32. b6 Qxb6 33. Rcb1 Qd8 34. Rb7+ Kxd6
35. Ne5 1-0

[Event "K41 Efteraars EMT Mesterklassen 2008"]
[Site "Valby"]
[Date "2008.09.16"]
[Round "2"]
[White "Jorgensen, Kasper Moller"]
[Black "Nielsen, Lars Aaes"]
[Result "0-1"]
[WhiteElo "1926"]
[BlackElo "2215"]
[PlyCount "54"]
[EventDate "2008.??.??"]

1. e4 e6 2. d4 d5 3. Nc3 Bb4 4. e5 Qd7 5. Qg4 f5 6. Qg3 b6 7. Nge2 Ba6 8. Nf4
Bxf1 9. Kxf1 Bf8 10. h4 c5 11. a4 Nc6 12. dxc5 bxc5 13. Nb5 a6 14. Nd6+ Bxd6
15. exd6 Nf6 16. f3 O-O 17. Nd3 Nd4 18. Nxc5 Qc6 19. b4 Nxc2 20. Rb1 Nxb4 21.
Nxe6 Nh5 22. Qg5 Nd3 23. Qxh5 Rae8 24. Ba3 Rxe6 25. Kg1 Re2 26. Kh2 Rxg2+ 27.
Kxg2 Qc2+ 0-1

[Event "K41 Efteraars EMT Mesterklassen 2008"]
[Site "Valby"]
[Date "2008.09.16"]
[Round "2"]
[White "Ottosen, Peder"]
[Black "Nielsen, Borge Hjerrild"]
[Result "1-0"]
[WhiteElo "2021"]
[BlackElo "2063"]
[PlyCount "77"]
[EventDate "2008.??.??"]

1. d4 d5 2. c4 e6 3. Nc3 Be7 4. Bf4 Nf6 5. e3 O-O 6. Nf3 c6 7. Bd3 dxc4 8. Bxc4
Nd5 9. Bg3 Nxc3 10. bxc3 c5 11. O-O Nc6 12. Qc2 a6 13. Rfd1 Qa5 14. Bd3 g6 15.
Nd2 cxd4 16. exd4 Qd8 17. Nc4 b5 18. Be4 Bb7 19. d5 exd5 20. Rxd5 Qe8 21. Nd6
Bxd6 22. Bxd6 f5 23. Bf3 Rf7 24. Kf1 Na5 25. Bb4 Nc6 26. Re1 Qc8 27. Rc5 Rc7
28. Bd5+ Kg7 29. Ba3 h5 30. c4 Kh7 31. Qc3 b4 32. Bxb4 Nxb4 33. Qxb4 Bc6 34.
Bxc6 Rxc6 35. Re7+ Kh6 36. Qd2+ f4 37. Qxf4+ g5 38. Qf7 Rxc5 39. Qg7# 1-0

[Event "K41 Efteraars EMT Mesterklassen 2008"]
[Site "Valby"]
[Date "2008.09.16"]
[Round "2"]
[White "Roder, Peter Ulrik"]
[Black "Eriksson, Christian Altenburg"]
[Result "0-1"]
[WhiteElo "2060"]
[BlackElo "1989"]
[PlyCount "74"]
[EventDate "2008.??.??"]

1. e4 c5 2. Nf3 Nc6 3. d3 g6 4. g3 Bg7 5. Bg2 d6 6. O-O e6 7. c3 b5 8. d4 cxd4
9. cxd4 Nge7 10. Nc3 b4 11. Na4 O-O 12. b3 d5 13. e5 Nf5 14. Bb2 f6 15. Rc1 Bd7
16. Nc5 fxe5 17. dxe5 Rc8 18. Re1 Qe7 19. Nd3 Bh6 20. Rc5 Nb8 21. Rxc8 Rxc8 22.
Nd4 Nxd4 23. Bxd4 Bb5 24. f4 a5 25. Nf2 Nc6 26. Ng4 Nxd4 27. Qxd4 Bf8 28. Kh1
Qc5 29. Nf6+ Kg7 30. Qd1 Qc2 31. Qg4 Qf2 32. Rd1 Rc2 33. Qh3 h5 34. f5 Be2 35.
Qh4 Bxd1 36. Nxh5+ Bxh5 37. Qf6+ Kh7 0-1

[Event "K41 Efteraars EMT Mesterklassen 2008"]
[Site "Valby"]
[Date "2008.09.16"]
[Round "2"]
[White "Skov, Palle"]
[Black "Laugesen, Egon"]
[Result "0-1"]
[WhiteElo "1819"]
[BlackElo "2024"]
[PlyCount "68"]
[EventDate "2008.??.??"]

1. c4 g6 2. Nc3 Bg7 3. Nf3 c5 4. d4 cxd4 5. Nxd4 Nc6 6. e3 Nf6 7. Be2 O-O 8.
O-O d6 9. Nxc6 bxc6 10. Bf3 Bd7 11. Rb1 Qc7 12. Re1 Rab8 13. e4 Be6 14. Qa4 Nd7
15. Be3 Nb6 16. Bxb6 Qxb6 17. Nd1 Qb4 18. Qxb4 Rxb4 19. c5 dxc5 20. e5 Bd5 21.
Bxd5 cxd5 22. e6 Rfb8 23. Rc1 c4 24. b3 R8b6 25. bxc4 Rxc4 26. Rxc4 dxc4 27.
exf7+ Kxf7 28. Ne3 c3 29. Nd5 Rb7 30. Kf1 e6 31. Ne3 Rb2 32. Re2 Bh6 33. Ke1
Rb1+ 34. Nd1 Rc1 0-1

[Event "K41 Efteraars EMT Mesterklassen 2008"]
[Site "Valby"]
[Date "2008.09.23"]
[Round "3"]
[White "Jorgensen, Rasmus"]
[Black "Ottosen, Peder"]
[Result "0-1"]
[WhiteElo "2060"]
[BlackElo "2021"]
[PlyCount "74"]
[EventDate "2008.??.??"]

1. e4 b6 2. d4 Bb7 3. Bd3 Nf6 4. Qe2 e6 5. Nf3 c5 6. c3 cxd4 7. cxd4 Bb4+ 8.
Bd2 Bxd2+ 9. Nbxd2 O-O 10. O-O Nc6 11. Rac1 Nb4 12. Bb1 Ba6 13. Qe3 Bxf1 14.
Kxf1 Rc8 15. Rc3 Qe7 16. a3 Rxc3 17. bxc3 Nc6 18. e5 Nd5 19. Qd3 f5 20. Nc4 Nd8
21. Nd6 Nf7 22. c4 Nf4 23. Nxf5 exf5 24. Qxf5 Ng6 25. Qd3 Ng5 26. Nxg5 Qxg5 27.
g3 Qg4 28. f4 Qh3+ 29. Kg1 Nxf4 30. gxf4 Qxd3 31. Bxd3 Rxf4 32. d5 Rf3 33. Be4
Rxa3 34. Kf2 g6 35. d6 Kf8 36. Bf3 Rxf3+ 37. Kxf3 Kf7 0-1

[Event "K41 Efteraars EMT Mesterklassen 2008"]
[Site "Valby"]
[Date "2008.09.23"]
[Round "3"]
[White "Laugesen, Egon"]
[Black "Jorgensen, Kasper Moller"]
[Result "1-0"]
[WhiteElo "2024"]
[BlackElo "1926"]
[PlyCount "81"]
[EventDate "2008.??.??"]

1. Nf3 Nf6 2. g3 c5 3. c4 b6 4. Bg2 Bb7 5. Nc3 e6 6. O-O Be7 7. b3 O-O 8. Bb2
a6 9. Qc2 Nc6 10. e3 Rc8 11. d3 Qc7 12. a3 d5 13. Ne2 e5 14. cxd5 Nxd5 15. Rac1
Qb8 16. Rfd1 Rfd8 17. Qb1 Bf6 18. Ba1 Re8 19. Nd2 Nde7 20. Ne4 Na5 21. N2c3 Ba8
22. Nxf6+ gxf6 23. Ne4 Kg7 24. f4 Nd5 25. Re1 Rcd8 26. fxe5 fxe5 27. d4 cxd4
28. exd4 f5 29. dxe5 fxe4 30. Bxe4 Re6 31. Bf5 Qb7 32. Be4 Qe7 33. b4 Nc6 34.
Bf5 Rf8 35. Rc4 Rxf5 36. Qxf5 Kg8 37. Rg4+ Kh8 38. Rf1 Rf6 39. exf6 Qe3+ 40.
Qf2 Qxf2+ 41. Rxf2 1-0

[Event "K41 Efteraars EMT Mesterklassen 2008"]
[Site "Valby"]
[Date "2008.09.23"]
[Round "3"]
[White "Lofberg, Jan"]
[Black "Skov, Palle"]
[Result "0-1"]
[WhiteElo "1822"]
[BlackElo "1819"]
[PlyCount "34"]
[EventDate "2008.??.??"]

1. e4 c6 2. d4 d5 3. e5 Bf5 4. g4 Bd7 5. Bg5 h6 6. Bh4 Qb6 7. Nf3 Bxg4 8. Nbd2
e6 9. Bd3 Nd7 10. Rg1 Bxf3 11. Nxf3 g5 12. Bg3 O-O-O 13. Kf1 Ne7 14. b4 g4 15.
Nd2 Qxd4 16. a3 Nf5 17. f4 Ne3+ 0-1

[Event "K41 Efteraars EMT Mesterklassen 2008"]
[Site "Valby"]
[Date "2008.09.23"]
[Round "3"]
[White "Nielsen, Borge Hjerrild"]
[Black "Nielsen, Michael"]
[Result "0-1"]
[WhiteElo "2063"]
[BlackElo "2082"]
[PlyCount "74"]
[EventDate "2008.??.??"]

1. d4 Nf6 2. c4 c5 3. d5 b5 4. cxb5 a6 5. bxa6 Bxa6 6. Nc3 g6 7. e4 Bxf1 8.
Kxf1 d6 9. g3 Bg7 10. Kg2 Nbd7 11. Nf3 O-O 12. Re1 Ra6 13. Qc2 Qa8 14. b3 e6
15. dxe6 fxe6 16. Bb2 d5 17. exd5 exd5 18. a4 Ng4 19. h3 Bxc3 20. Qxc3 d4 21.
Qc4+ Kh8 22. hxg4 Qxf3+ 23. Kh3 Raf6 24. Bxd4 cxd4 25. Qxd4 g5 26. Rad1 Qxb3
27. Rd3 Qf7 28. f4 gxf4 29. gxf4 Kg8 30. f5 Nb6 31. a5 Qc7 32. Qe3 Nc4 33. Qg5+
Kh8 34. Rc3 Qd6 35. Rxc4 Qd3+ 36. Re3 Qxc4 37. Re7 Qg8 0-1

[Event "K41 Efteraars EMT Mesterklassen 2008"]
[Site "Valby"]
[Date "2008.09.23"]
[Round "3"]
[White "Roder, Peter Ulrik"]
[Black "Hagen, Andreas Skytte"]
[Result "0-1"]
[WhiteElo "2060"]
[BlackElo "2260"]
[PlyCount "143"]
[EventDate "2008.??.??"]

1. e4 e6 2. b3 b6 3. Bb2 Bb7 4. d3 d5 5. e5 c5 6. Nf3 Nc6 7. d4 Nge7 8. Bb5 a6
9. Bxc6+ Nxc6 10. O-O a5 11. Re1 Be7 12. Nbd2 a4 13. Nf1 b5 14. c3 Qb6 15. h3
b4 16. cxb4 Nxb4 17. dxc5 Bxc5 18. Bd4 axb3 19. Bxc5 Qxc5 20. Qxb3 Ba6 21. Rec1
Qa5 22. a3 Nd3 23. Qc3 Qb6 24. Qc6+ Qxc6 25. Rxc6 Kd7 26. Rc2 Rhc8 27. Ne3 Rab8
28. Rd2 Rc3 29. a4 Rcb3 30. a5 Rb1+ 31. Rd1 R1b2 32. Ng5 Nxf2 33. Rd4 Nd3 34.
Nxf7 Ke7 35. Ng5 Re2 36. Nd1 Nxe5 37. Nxh7 Rc8 38. Ra3 Rc1 39. Kh2 Re1 40. Nf2
Rc2 41. Ng4 Ree2 42. Rg3 Rxg2+ 43. Rxg2 Nf3+ 44. Kg3 Nxd4 45. Nf2 Nf5+ 46. Kf4
d4 47. Ng5 Ne3 48. Rh2 Nf1 49. Rg2 Ne3 50. Rh2 Nd1 51. Ng4 d3 52. Nf3 Rc4+ 53.
Kg3 Kd6 54. Rd2 Rc1 55. Nge5 Nc3 56. Nxd3 Ne4+ 57. Kf4 Rc4 58. Rh2 Nc5+ 59. Kg5
Nxd3 60. Rd2 Rc5+ 61. Kg6 Rxa5 62. Kxg7 e5 63. Ng5 Ra4 64. Nf7+ Ke6 65. Ng5+
Kf5 66. Nf3 e4 67. Ng1 Kf4 68. h4 Ra1 69. Rg2 e3 70. h5 Ne5 71. h6 Bd3 72. Nh3+
0-1

[Event "K41 Efteraars EMT Mesterklassen 2008"]
[Site "Valby"]
[Date "2008.09.30"]
[Round "4"]
[White "Hagen, Andreas Skytte"]
[Black "Nielsen, Lars Aaes"]
[Result "1/2-1/2"]
[WhiteElo "2260"]
[BlackElo "2215"]
[PlyCount "104"]
[EventDate "2008.??.??"]

1. e4 e6 2. d4 d5 3. Nc3 Bb4 4. e5 c5 5. a3 Bxc3+ 6. bxc3 Ne7 7. Qg4 Qc7 8.
Qxg7 Rg8 9. Qxh7 cxd4 10. Ne2 dxc3 11. f4 b6 12. Ng3 Qc5 13. Nh5 Rf8 14. Qd3
Ba6 15. Be3 Qc6 16. Nf6+ Kd8 17. Qd1 Bxf1 18. Rxf1 Nf5 19. Rf3 Rh8 20. Bg1 Nd7
21. Nxd7 Kxd7 22. Rb1 Nh4 23. Rg3 Qc4 24. Rb4 Qa6 25. Qe2 Qxa3 26. Qb5+ Kd8 27.
Bxb6+ axb6 28. Qxb6+ Ke8 29. Qc6+ Kd8 30. Qd6+ Ke8 31. Qc6+ Kd8 32. Qd6+ Ke8
33. Rb8+ Rxb8 34. Qxa3 Nf5 35. Rxc3 Rxh2 36. Kf2 Rh4 37. g3 Rh2+ 38. Kf3 d4 39.
Qa7 Rd8 40. Rd3 Rc8 41. c3 Rxc3 42. Rxc3 dxc3 43. Qb8+ Ke7 44. Qb4+ Ke8 45.
Qxc3 Rh3 46. Kg4 Rxg3+ 47. Qxg3 Nxg3 48. Kxg3 Kf8 49. Kg4 Kg8 50. Kg5 Kg7 51.
f5 exf5 52. Kxf5 Kf8 1/2-1/2

[Event "K41 Efteraars EMT Mesterklassen 2008"]
[Site "Valby"]
[Date "2008.09.30"]
[Round "4"]
[White "Jorgensen, Kasper Moller"]
[Black "Jorgensen, Rasmus"]
[Result "1/2-1/2"]
[WhiteElo "1926"]
[BlackElo "2060"]
[PlyCount "92"]
[EventDate "2008.??.??"]

1. e4 c5 2. Nf3 Nc6 3. Bb5 d6 4. Bxc6+ bxc6 5. O-O Nf6 6. e5 dxe5 7. Nxe5 e6 8.
d3 Bd6 9. Nc4 Be7 10. Nc3 Nd5 11. Ne4 O-O 12. b3 f5 13. Ng3 Bf6 14. Bb2 Bxb2
15. Nxb2 f4 16. Ne4 f3 17. g3 Qe8 18. Qd2 Qh5 19. Nc4 Qh3 20. Ne3 Rf5 21. g4
Rf4 22. Kh1 Rxg4 23. Rg1 Rh4 24. Nf1 Rg4 25. Rxg4 Qxg4 26. Ne3 Nxe3 27. fxe3 e5
28. Rg1 Qh4 29. Qe1 Qxe1 30. Rxe1 Bh3 31. Kg1 h6 32. Nxc5 g5 33. Ne4 Kf7 34.
Nf2 Bg2 35. Ng4 Ke6 36. e4 h5 37. Ne3 Bh3 38. Kf2 Rf8 39. Rg1 g4 40. Nf5 Rf7
41. Ke3 Bg2 42. Kf2 Rh7 43. Ne3 Bh3 44. Nf5 h4 45. Ne3 Rg7 46. Nf5 Rh7 1/2-1/2

[Event "K41 Efteraars EMT Mesterklassen 2008"]
[Site "Valby"]
[Date "2008.09.30"]
[Round "4"]
[White "Nielsen, Borge Hjerrild"]
[Black "Lofberg, Jan"]
[Result "1/2-1/2"]
[WhiteElo "2063"]
[BlackElo "1822"]
[PlyCount "58"]
[EventDate "2008.??.??"]

1. d4 Nf6 2. c4 c5 3. d5 b5 4. cxb5 a6 5. bxa6 g6 6. Nc3 Bxa6 7. e4 Bxf1 8.
Kxf1 Bg7 9. Nge2 d6 10. h3 Qa5 11. Kg1 Nbd7 12. Qc2 O-O 13. Kh2 Rab8 14. Be3
Ne5 15. b3 Rfc8 16. Rab1 Qb4 17. Rhd1 Qa3 18. Kg1 Ned7 19. Bc1 Qa7 20. a3 Ne5
21. a4 Rb4 22. Ba3 Qa6 23. f3 Qa7 24. Kh1 Qa6 25. Qd2 Rb7 26. f4 Bh6 27. Qc2
Ned7 28. Bc1 Rb4 29. Be3 Bg7 1/2-1/2

[Event "K41 Efteraars EMT Mesterklassen 2008"]
[Site "Valby"]
[Date "2008.09.30"]
[Round "4"]
[White "Ottosen, Peder"]
[Black "Nielsen, Michael"]
[Result "0-1"]
[WhiteElo "2021"]
[BlackElo "2082"]
[PlyCount "135"]
[EventDate "2008.??.??"]

1. d4 Nf6 2. c4 c5 3. e3 g6 4. Nc3 Bg7 5. Nf3 O-O 6. Be2 cxd4 7. exd4 d5 8. O-O
b6 9. cxd5 Bb7 10. d6 Qxd6 11. Nb5 Qd8 12. Bf4 Nd5 13. Bg3 Nd7 14. Rc1 N7f6 15.
Nc7 Rc8 16. Nxd5 Qxd5 17. Qa4 a5 18. Bc7 Qe4 19. Qb5 Nd5 20. Bd3 Nxc7 21. Rxc7
Qd5 22. Qxb6 Rxc7 23. Qxc7 Bxd4 24. Bc4 Qc5 25. Bxf7+ Rxf7 26. Qxb7 Bf6 27. h3
Rf8 28. Rd1 Qc2 29. Qd5+ Kg7 30. Rd2 Qc1+ 31. Kh2 Qc7+ 32. g3 Qb6 33. b3 h6 34.
Kg2 Rc8 35. Ne5 Bxe5 36. Qxe5+ Kf7 37. Qd5+ Kf8 38. Rd4 Rc6 39. Qd8+ Qxd8 40.
Rxd8+ Kf7 41. Ra8 Rc5 42. Ra6 e6 43. Kf3 Kf6 44. Ke4 g5 45. Ra8 Rd5 46. f4 Rc5
47. g4 Rb5 48. Ra6 Rb4+ 49. Kf3 gxf4 50. Rxa5 Rd4 51. Ra4 Ke5 52. Ra5+ Kd6 53.
h4 e5 54. Ra6+ Kd5 55. Rxh6 Rd3+ 56. Ke2 Ke4 57. Rc6 Re3+ 58. Kd2 Rd3+ 59. Kc2
f3 60. Rf6 Rd4 61. g5 Ke3 62. h5 Rf4 63. Rd6 f2 64. Rd1 Rg4 65. g6 Rg1 66. h6
Rxd1 67. h7 Rh1 68. g7 0-1

[Event "K41 Efteraars EMT Mesterklassen 2008"]
[Site "Valby"]
[Date "2008.09.30"]
[Round "4"]
[White "Skov, Palle"]
[Black "Roder, Peter Ulrik"]
[Result "1-0"]
[WhiteElo "1819"]
[BlackElo "2060"]
[PlyCount "177"]
[EventDate "2008.??.??"]

1. c4 e5 2. Nc3 Nf6 3. Nf3 Nc6 4. e3 Be7 5. Be2 d6 6. O-O Bg4 7. d4 O-O 8. h3
Bh5 9. d5 Nb8 10. Qc2 Nbd7 11. a3 Nc5 12. e4 a5 13. b3 Bg6 14. Nd2 h6 15. Bb2
c6 16. b4 Ncd7 17. Bd3 Rc8 18. dxc6 bxc6 19. Qa4 axb4 20. axb4 Nh5 21. g3 Qb6
22. Kg2 f5 23. Be2 fxe4 24. Ncxe4 Nhf6 25. Nxf6+ Nxf6 26. Qa5 Qb7 27. c5 Ra8
28. Qb6 Qd7 29. Rxa8 Rxa8 30. cxd6 Qxd6 31. Nc4 Qd5+ 32. Kh2 Ra2 33. Nxe5 Rxb2
34. Bc4 Qxc4 35. Nxc4 Rxb4 36. Qe3 Nd5 37. Qe6+ Bf7 38. Qc8+ Bf8 39. Ne5 Ne7
40. Qa8 Bd5 41. Nd7 Ng6 42. Re1 Rb2 43. Kg1 Ra2 44. Qc8 Rc2 45. h4 h5 46. Qe8
Bf7 47. Qe4 Rc4 48. Qf3 Bb4 49. Ra1 Bd5 50. Qxh5 Nf8 51. Nb6 Bf7 52. Qxf7+ Kxf7
53. Nxc4 Ke6 54. Kg2 Nd7 55. g4 c5 56. Rd1 Nf6 57. Rd6+ Ke7 58. g5 Ne4 59. Ra6
Bc3 60. Kf3 Nd2+ 61. Nxd2 Bxd2 62. Ra7+ Kf8 63. g6 c4 64. Ke4 c3 65. Kd3 Be1
66. Rf7+ Ke8 67. Rxg7 Bxf2 68. h5 c2 69. Kxc2 Be3 70. Rb7 Kf8 71. Kd3 Bg5 72.
Ke4 Bd2 73. Kf5 Kg8 74. Ke6 Bf4 75. Rb4 Bd2 76. Rd4 Be3 77. Rh4 Bg5 78. Rh3 Bh6
79. Kf5 Kg7 80. Ke6 Bg5 81. h6+ Bxh6 82. Rxh6 Kxh6 83. Kf7 Kg5 84. g7 Kf5 85.
g8=Q Ke5 86. Qd8 Kf5 87. Qd5+ Kf4 88. Kf6 Ke3 89. Kf5 1-0

[Event "K41 Efteraars EMT Mesterklassen 2008"]
[Site "Valby"]
[Date "2008.10.07"]
[Round "5"]
[White "Eriksson, Christian Altenburg"]
[Black "Hagen, Andreas Skytte"]
[Result "1/2-1/2"]
[WhiteElo "1989"]
[BlackElo "2260"]
[PlyCount "71"]
[EventDate "2008.??.??"]

1. e4 e6 2. d4 d5 3. e5 c5 4. c3 Nc6 5. Nf3 Nge7 6. Na3 Nf5 7. Nc2 Be7 8. Bd3
c4 9. Bxf5 exf5 10. h4 h6 11. h5 Be6 12. g3 b5 13. Nh4 Qd7 14. Qf3 a5 15. Ne3
Bxh4 16. gxh4 g5 17. hxg6 fxg6 18. Rg1 Ne7 19. a4 Rb8 20. axb5 Qxb5 21. Ng2 Kd7
22. Nf4 Rbg8 23. Qd1 Bf7 24. Qe2 Qb6 25. e6+ Bxe6 26. Qxe6+ Qxe6+ 27. Nxe6 Kxe6
28. Rxa5 Ra8 29. Rxa8 Rxa8 30. Kd1 h5 31. Re1+ Kf7 32. Kc2 Nc6 33. Bg5 Ra7 34.
Kd2 Rb7 35. Kc2 Ra7 36. Kd2 1/2-1/2

[Event "K41 Efteraars EMT Mesterklassen 2008"]
[Site "Valby"]
[Date "2008.10.04"]
[Round "5"]
[White "Laugesen, Egon"]
[Black "Jorgensen, Rasmus"]
[Result "0-1"]
[WhiteElo "2024"]
[BlackElo "2060"]
[PlyCount "82"]
[EventDate "2008.??.??"]

1. Nf3 Nf6 2. c4 g6 3. g3 Bg7 4. Bg2 d6 5. d4 O-O 6. O-O Nbd7 7. Nc3 e5 8. e4
a6 9. h3 Rb8 10. a4 exd4 11. Nxd4 Ne5 12. b3 c5 13. Nde2 Re8 14. Ra2 Qc7 15.
Nf4 Be6 16. Nxe6 fxe6 17. Be3 Nc6 18. Ne2 e5 19. Nc3 Nd4 20. f4 Nh5 21. Nd5 Qd8
22. Kh2 exf4 23. Nxf4 Nxf4 24. gxf4 Qh4 25. b4 b6 26. b5 axb5 27. axb5 Ra8 28.
Ra6 Rab8 29. Ra7 Ra8 30. Ra6 Rxa6 31. bxa6 Ra8 32. Qa4 Ne2 33. Rf3 Bd4 34. Qc6
Bxe3 35. Qxa8+ Kg7 36. Qb7+ Kh6 37. Qf7 Qe1 38. Rf1 Qg3+ 39. Kh1 Bxf4 40. Rxf4
Nxf4 41. Qxf4+ Qxf4 0-1

[Event "K41 Efteraars EMT Mesterklassen 2008"]
[Site "Valby"]
[Date "2008.10.07"]
[Round "5"]
[White "Lofberg, Jan"]
[Black "Jorgensen, Kasper Moller"]
[Result "0-1"]
[WhiteElo "1822"]
[BlackElo "1926"]
[PlyCount "28"]
[EventDate "2008.??.??"]

1. e4 c5 2. Nf3 Nc6 3. d4 cxd4 4. Nxd4 Nf6 5. Nc3 d6 6. Bg5 e6 7. Qd2 Be7 8. f4
h6 9. Bxf6 Bxf6 10. Ndb5 O-O 11. O-O-O Qa5 12. Qxd6 a6 13. Nc7 Be7 14. b4 Qa3+
0-1

[Event "K41 Efteraars EMT Mesterklassen 2008"]
[Site "Valby"]
[Date "2008.10.07"]
[Round "5"]
[White "Nielsen, Michael"]
[Black "Nielsen, Lars Aaes"]
[Result "0-1"]
[WhiteElo "2082"]
[BlackElo "2215"]
[PlyCount "84"]
[EventDate "2008.??.??"]

1. d4 e6 2. Nf3 Nf6 3. c4 b6 4. g3 d5 5. Bg2 Bb4+ 6. Nc3 O-O 7. O-O Bb7 8. cxd5
Nxd5 9. Nxd5 Bxd5 10. Qd3 Be7 11. Bf4 Nd7 12. Ne5 Bxg2 13. Kxg2 Nxe5 14. Bxe5
c5 15. Rfd1 f6 16. Bf4 Qd5+ 17. e4 Qxd4 18. Qxd4 cxd4 19. Rxd4 e5 20. Rd7 Bc5
21. Be3 Bxe3 22. fxe3 Rfd8 23. Rad1 Rxd7 24. Rxd7 Rc8 25. Rxa7 Rc2+ 26. Kf3
Rxh2 27. b4 h5 28. a4 Rb2 29. g4 h4 30. g5 fxg5 31. Kg4 Kh7 32. a5 bxa5 33.
Rxa5 Rg2+ 34. Kh3 Rg3+ 35. Kh2 Rxe3 36. Rxe5 Kg6 37. b5 Rb3 38. Rc5 g4 39. Rc6+
Kg5 40. b6 Rb2+ 41. Kg1 g3 42. Rc7 h3 0-1

[Event "K41 Efteraars EMT Mesterklassen 2008"]
[Site "Valby"]
[Date "2008.10.07"]
[Round "5"]
[White "Roder, Peter Ulrik"]
[Black "Nielsen, Borge Hjerrild"]
[Result "1/2-1/2"]
[WhiteElo "2060"]
[BlackElo "2063"]
[PlyCount "43"]
[EventDate "2008.??.??"]

1. Nf3 d5 2. g3 Nf6 3. Bg2 e6 4. O-O c5 5. d3 Nc6 6. Nbd2 Be7 7. e4 Qc7 8. Re1
a6 9. exd5 Nxd5 10. Nc4 O-O 11. a4 b6 12. Bg5 Bb7 13. Bxe7 Ncxe7 14. c3 Nf6 15.
Qb3 Rab8 16. Nce5 Nc6 17. Nxc6 Bxc6 18. Ne5 Bxg2 19. Kxg2 Rfd8 20. Re2 Qb7+ 21.
f3 Qd5 22. Qc2 1/2-1/2

[Event "K41 Efteraars EMT Mesterklassen 2008"]
[Site "Valby"]
[Date "2008.10.07"]
[Round "5"]
[White "Skov, Palle"]
[Black "Ottosen, Peder"]
[Result "0-1"]
[WhiteElo "1819"]
[BlackElo "2021"]
[PlyCount "84"]
[EventDate "2008.??.??"]

1. c4 c6 2. Nf3 d5 3. cxd5 cxd5 4. Nc3 Nc6 5. d4 Nf6 6. Qc2 g6 7. Bg5 Bg7 8. e3
O-O 9. a3 Ne4 10. Bh4 Qa5 11. Qa4 Nxc3 12. Qxa5 Nxa5 13. bxc3 Bf5 14. Bxe7 Rfc8
15. c4 dxc4 16. O-O-O c3 17. Bd3 Nb3+ 18. Kc2 Be6 19. Be4 Na5 20. Rb1 Rc7 21.
Bb4 Nc4 22. d5 Bd7 23. d6 Ba4+ 24. Kc1 Rd7 25. Bd5 c2 26. Bxc4 cxb1=Q+ 27. Kxb1
a5 28. Bc5 Rc8 29. Rc1 Rxc5 30. Bxf7+ Kxf7 31. Rxc5 Rxd6 32. Ng5+ Ke8 33. Ka2
Rd2+ 34. Kb1 Rd1+ 35. Rc1 Rd2 36. Ne6 Be5 37. Rc8+ Ke7 38. Nd4 Rxf2 39. Rc5
Bxd4 40. exd4 b6 41. Rc7+ Bd7 42. Rb7 Rxg2 0-1